Historia de las ideas estéticas en españa, xii /
Guardado en:
| Autor Principal: | |
|---|---|
| Formato: | Libro |
| Publicado: |
Buenos Aires :
Glem,
1944
|
| Edición: | 2a. ed. |
| Materias: | |
| Etiquetas: |
Agregar Etiqueta
Sin Etiquetas, Sea el primero en etiquetar este registro!
|
| LEADER | 00581nam a22001815a 4500 | ||
|---|---|---|---|
| 001 | EHU.bham044372 | ||
| 003 | AR-BHAM | ||
| 005 | 20171226153739.0 | ||
| 008 | 130507s1944##################000#0#####d | ||
| 082 | 1 | 0 | |a 101.46 |
| 100 | 1 | |a Menéndez y Pelayo, Marcelino | |
| 245 | 1 | 0 | |a Historia de las ideas estéticas en españa, xii / |c Marcelino Menéndez Y Pelayo |
| 250 | |a 2a. ed. | ||
| 260 | |a Buenos Aires : |b Glem, |c 1944 | ||
| 300 | |a 219 p. | ||
| 653 | |a Estética-historia de la | ||
| 653 | |a Estética española | ||
| 859 | |a AR-BHAM |b BIB. HUMANIDADES - General |h 101.46 |i M524 |p 638.16 |t Ej.1 |v XII |3 XII | ||
